Las nuevas herramientas, los viejos problemas (Registro nro. 18280)

Detalles MARC
000 -LEADER
fixed length control field 00367 a2200121 4500
001 - CONTROL NUMBER
control field ART_15820
005 - DATE AND TIME OF LATEST TRANSACTION
control field 20260410161736.0
008 - FIXED-LENGTH DATA ELEMENTS--GENERAL INFORMATION
fixed length control field 260409a
100 1# - MAIN ENTRY--PERSONAL NAME
Personal name Cravino, Daniel
245 10 - TITLE STATEMENT
Title Las nuevas herramientas, los viejos problemas
700 1# - ADDED ENTRY--PERSONAL NAME
Personal name D´Onofrio, Rodolfo
773 0# - HOST ITEM ENTRY
Title Ejecutivos de finanzas
Related parts - Año 7, Nº 62 (dic. 1989)
Record control number REV2863

No hay ítems disponibles.